00519nam a2200181 a 45000010010000000030011000100080041000210350026000620820014000881000021001022450029001232600040001526500008001929420012002009520090002129980020003029990015003220000-8710ELIB.Books110520 1981  a(ELIB.Books)0000-8856 a233 bBur aBurns, J. Patout aTheological Anthropology bPhiladelphia: Fortress Press c1981 aMan 2ddccBK 00102ddc4070aKBTSbKBTSd2011-05-20l0p3209r2022-01-22 00:00:00w2022-01-22yBK cbate2011-05-20 c8710d8710